[Event "Meurthe et Moselle GM"]
[Site "Nancy FRA"]
[Date "2007.02.21"]
[Round "4"]
[White "Marzolo,C"]
[Black "Abergel,T"]
[Result "1-0"]
[WhiteElo "2472"]
[BlackElo "2475"]

1.d4 d5 2.Nf3 Nf6 3.c4 c6 4.Nc3 a6 5.h3 dxc4 6.a4 e6 7.e3 c5 8.Bxc4 Be7 9.O-O Nc6
10.Qe2 O-O 11.dxc5 Bxc5 12.Rd1 Qc7 13.b3 b6 14.Bb2 Bb7 15.Rac1 Rfd8 16.Rxd8+ Qxd8
17.Rd1 Qc7 18.Bd3 Na5 19.Ng5 h6 20.Nge4 Nxe4 21.Nxe4 f5 22.Nxc5 bxc5 23.Qc2 Qe7
24.Qc3 Nc6 25.Bc4 Nd8 26.Qe5 Kh7 27.Rd6 Qg5 28.Qg3 Qe7 29.Bxe6 Nxe6 30.Rxe6 Qg5
31.Qxg5 hxg5 32.Re7 Be4 33.f3 Bb1 34.Rxg7+ Kh6 35.Rc7 Rb8 36.Rxc5 Rxb3 37.Bd4 Bd3
38.Kf2 Ra3 39.a5 Ra2+ 40.Kg1 g4 41.hxg4 fxg4 42.e4 gxf3 43.gxf3 Bb5 44.Be3+ Kg6
45.Rg5+ Kf6 46.Rf5+ Ke6 47.Bb6 Re2 48.Rg5 Bd3 49.Bd4 Ra2 50.Re5+ Kd6 51.Rd5+ Ke6
52.Bb6 Bc4 53.Rc5 Bb5 54.f4 Bd3 55.f5+ Ke7 56.Rc7+ Kd6 57.f6 Ra1+ 58.Kf2 Rf1+
59.Ke3 Bb5 60.Rc5 Ke6 61.Bd8 Re1+ 62.Kf4 Rf1+ 63.Kg5 Rd1 64.Be7 Rg1+ 65.Kh6 Bd3
66.Rc6+ Kf7 67.e5 Rg6+ 68.Kh5 Be2+ 69.Kh4 Rg4+ 70.Kh3 Re4 71.Bd6 Kg6 72.Rc7 Rf4
73.Kg3 Rf5 74.Rg7+ Kh6 75.Bf8 Bh5 76.Kh4 Rf4+ 77.Rg4+  1-0

[Event "V Breizh Masters GM"]
[Site "Guingamp FRA"]
[Date "2007.02.22"]
[Round "7"]
[White "Bellaiche,A"]
[Black "Benitah,Y"]
[Result "1-0"]
[WhiteElo "2472"]
[BlackElo "2423"]

1.d4 d5 2.c4 c6 3.Nf3 Nf6 4.Nc3 a6 5.e3 b5 6.c5 g6 7.Bd3 Bg7 8.h3 O-O 9.O-O Nbd7
10.a3 a5 11.e4 dxe4 12.Nxe4 Nd5 13.Nc3 N7f6 14.Re1 Qc7 15.Bd2 Rd8 16.Re5 Ra6
17.Qe2 Bb7 18.Ng5 h6 19.Nxd5 Nxd5 20.Nxf7 Kxf7 21.Qg4 Rd6 22.cxd6 Qxd6 23.Rae1 Bxe5
24.dxe5 Qe6 25.Qxe6+ Kxe6 26.Bxg6 c5 27.Bxh6 c4 28.f4 Kd7 29.Rd1 Kc6 30.Be4 Kc5
31.f5 Bc6 32.f6 exf6 33.exf6 c3 34.f7  1-0

[Event "Meurthe et Moselle GM"]
[Site "Nancy FRA"]
[Date "2007.02.22"]
[Round "6"]
[White "Brunner,N"]
[Black "Wirig,A"]
[Result "1/2-1/2"]
[WhiteElo "2426"]
[BlackElo "2433"]

1.d4 d5 2.c4 c6 3.Nf3 Nf6 4.Nc3 a6 5.e3 b5 6.b3 Bg4 7.Be2 e6 8.O-O Nbd7 9.Bb2 Bd6
10.h3 Bh5 11.Ne5 Bxe2 12.Nxe2 bxc4 13.bxc4 Qc7 14.cxd5 cxd5 15.Qa4 O-O 16.Rfc1 Qd8
17.Nc6 Qe8 18.Qa5 Nb8 19.Nxb8 Rxb8  1/2-1/2

[Event "14th Belisce Metalis Open"]
[Site "Bizovac CRO"]
[Date "2007.02.25"]
[Round "7"]
[White "Filipovic,Ma"]
[Black "Mrkonjic,N"]
[Result "1/2-1/2"]
[WhiteElo "2287"]
[BlackElo "2382"]

1.d4 d5 2.c4 c6 3.Nf3 Nf6 4.Nc3 a6 5.cxd5 cxd5 6.Bf4 Nc6 7.e3 Bg4 8.Be2 Bxf3
9.Bxf3 e6 10.O-O Bd6 11.Bg3 O-O 12.Rc1 Bxg3 13.hxg3 Qd6 14.Qd2 Rac8 15.Ne2 Rc7
16.Rc2 Rfc8 17.Rfc1 g6 18.Nf4 Ne7 19.Nd3 Rxc2 20.Rxc2 Rxc2 21.Qxc2 Nd7 22.b4 Nb6
23.Qc5 Qd8 24.Nb2 Nbc8 25.a4 Nd6 26.Qc3 Qd7 27.a5 h5 28.Nd3 Qd8 29.Ne5 f6
30.Nd3 Kf7 31.Nc5 b6 32.axb6 Qxb6 33.Be2  1/2-1/2

[Event "Bundesliga 2006-7"]
[Site "Werder Bremen GER"]
[Date "2007.02.25"]
[Round "11"]
[White "Werle,J"]
[Black "Hansen,SuB"]
[Result "1/2-1/2"]
[WhiteElo "2566"]
[BlackElo "2560"]

1.Nf3 d5 2.d4 Nf6 3.c4 c6 4.Nc3 a6 5.c5 Bf5 6.e3 h6 7.Be2 Nbd7 8.b4 e6 9.O-O Be7
10.Bb2 O-O 11.Ne1 Qb8 12.Bd3 b6 13.Bxf5 exf5 14.Nd3 Bd8 15.Qc2 Ng4 16.g3 Re8
17.Rac1 Bc7 18.Ne2 b5 19.Nef4 g6 20.Rce1 Ngf6 21.a3 Re7 22.Ng2 Qb7 23.Nh4 Ne4
24.Kg2 a5 25.Nf3 a4 26.Nfe5 Rae8 27.f3 Nef6 28.Kf2 h5 29.Ke2 Nxe5 30.dxe5 Nd7
31.f4 f6 32.exf6 Re6 33.Kd1 Bd8 34.h3 Bxf6 35.g4 Bxb2 36.Qxb2 Rxe3 37.Kd2 Rxe1
38.Rxe1 Rxe1 39.Kxe1 hxg4 40.hxg4 Qc8 41.Qe2 Kf8 42.g5 Kf7 43.Ne5+ Nxe5 44.Qxe5 Qe6
45.Qxe6+ Kxe6 46.Ke2 Ke7 47.Ke3 Ke6 48.Kd4 Kd7 49.Ke5 Ke7 50.Kd4 Kd7 51.Ke5  1/2-1/2

[Event "X Malaga Open"]
[Site "Campillos ESP"]
[Date "2007.03.03"]
[Round "9"]
[White "Bellon Lopez,JuM"]
[Black "Fernandez Romero,Ern"]
[Result "1/2-1/2"]
[WhiteElo "2442"]
[BlackElo "2434"]

1.d4 d5 2.c4 c6 3.Nf3 Nf6 4.Nc3 a6 5.c5 Nbd7 6.h3 Qc7 7.Bg5 h6 8.Bh4 Nh5
9.e3 g5 10.Nd2 gxh4 11.Qxh5 e5 12.Qxh4 Bg7 13.Qg3 O-O  1/2-1/2

[Event "23rd Open"]
[Site "Cappelle la Grande FRA"]
[Date "2007.03.03"]
[Round "1"]
[White "Drozdovskij,Y"]
[Black "Rojas,L"]
[Result "1-0"]
[WhiteElo "2562"]
[BlackElo "2414"]

1.d4 d5 2.c4 c6 3.Nf3 Nf6 4.Nc3 a6 5.c5 Bf5 6.Bf4 Nbd7 7.e3 e6 8.Nd2 Be7
9.Be2 h6 10.O-O O-O 11.b4 Qc8 12.Bg3 Bd8 13.a4 b6 14.cxb6 Bxb6 15.Nb3 Bc7
16.Bxc7 Qxc7 17.Rc1 Qb6 18.Na2 Rfc8 19.f3 e5 20.Qd2 Be6 21.a5 Qb8 22.dxe5 Nxe5
23.Nc5 Rd8 24.Bxa6 d4 25.exd4 Bxa2 26.Qxa2 Rxd4 27.Bb7 Ra7 28.a6 Rxb4 29.Qd2 Rb5
30.Qd4 Ng6 31.Rfe1 Ra5 32.Rcd1 Kh7 33.Rd2 Rb5 34.Rb2 Rxb2 35.Qxb2 Nd5 36.Qf2 Ne5
37.Qd4 f6 38.f4 Ng6 39.Nd7 Qd6 40.Qxa7 Qxd7 41.Qd4 Ngxf4 42.Kh1 h5 43.Qe4+ f5
44.Qe8  1-0

[Event "ch-TUR"]
[Site "Ankara TUR"]
[Date "2007.03.04"]
[Round "4"]
[White "Kilicaslan,H"]
[Black "Tanrikulu,S"]
[Result "1-0"]
[WhiteElo "2260"]
[BlackElo "2131"]

1.d4 d5 2.c4 c6 3.Nc3 Nf6 4.Nf3 a6 5.cxd5 cxd5 6.Bf4 Nc6 7.e3 e6 8.Bd3 Be7
9.O-O O-O 10.Rc1 Bd7 11.Ne5 Nxe5 12.Bxe5 Bc6 13.f4 g6 14.Rf3 Ne4 15.Bxe4 dxe4
16.Rf1 f6 17.d5 Bxd5 18.Nxd5 exd5 19.Bd4 Rc8 20.Qb3 Qd7 21.a4 Rc6 22.Rcd1 Rfc8
23.Rf2 Rc4 24.a5 Qc6 25.Rfd2 Rb4 26.Qa2 Ra4 27.Qb3 Rb4 28.Qa2 Ra4 29.Qb3 Rxa5
30.Bc3 Rb5 31.Qa2 Rd8 32.h4 Kg7 33.h5 Bc5 34.Bd4 Bxd4 35.Rxd4 Rd7 36.hxg6 hxg6
37.b4 Qc3 38.Rxe4 Rxb4 39.Rxb4 Qxb4 40.Rxd5 Qe1+ 41.Kh2 Rc7 42.Qb2 Qxe3 43.Qb4 Qf2
44.Rd3 Qh4+ 45.Rh3 Qg4 46.Qd6 Qd7 47.Qa3 Rc8 48.Rd3 Qc7 49.Rd4 g5 50.Qd3 Rh8+
51.Kg3 Kh6 52.Qf5 gxf4+ 53.Rxf4 Rg8+ 54.Kf2 Rg6 55.Qh3+ Kg7 56.Rh4 Qc5+ 57.Kf1 Qc1+
58.Kf2 Qd2+ 59.Kf1 Qd1+ 60.Kf2 Kf7 61.Qc3 Qd6 62.Qb3+ Ke7 63.Qxb7+ Ke6 64.Qe4+ Kf7
65.Rh7+ Rg7 66.Qb7+ Ke6 67.Qxg7 Qd4+ 68.Kg3 Qe5+ 69.Kh3 Qf5+ 70.Qg4 Kd5  1-0

[Event "23rd Open"]
[Site "Cappelle la Grande FRA"]
[Date "2007.03.04"]
[Round "2"]
[White "Gagunashvili,M"]
[Black "Grabarczyk,M"]
[Result "1-0"]
[WhiteElo "2611"]
[BlackElo "2461"]

1.d4 d5 2.c4 c6 3.Nf3 Nf6 4.Nc3 a6 5.a4 e6 6.Bg5 a5 7.e3 Na6 8.Bd3 Nb4 9.e4 dxe4
10.Nxe4 c5 11.O-O Be7 12.Bxf6 gxf6 13.d5 exd5 14.cxd5 Qxd5 15.Bb5+ Bd7 16.Bxd7+ Qxd7
17.Qxd7+ Kxd7 18.Rac1 Rhc8 19.Nh4 Ra6 20.Nf5 Re6 21.Rfd1+ Kc7 22.Nxe7 Rxe7
23.Rxc5+ Kb8 24.Rxc8+ Kxc8 25.Nxf6 Re2 26.Nxh7 Rxb2 27.Ng5 Nd3 28.Nxf7 Nxf2
29.Rd4 Kc7 30.Nd6 Kc6 31.Nc4 Ra2 32.Nxa5+ Kb6 33.Nb3 Rb2 34.Nc1 Rc2 35.Kf1 Nh3
36.Nd3 Ng5 37.h4 Nf7 38.Rd7 Nh6 39.Rd6+ Rc6 40.Rxc6+ bxc6 41.Ke2 Nf5 42.h5 Ng3+
43.Kd2 Nxh5 44.Kc3 Nf6 45.Kb4 Nd5+ 46.Kb3 Kc7 47.a5 Kd6 48.g4 c5 49.g5 Ne3
50.Nb2 Kd5 51.g6 Nf5 52.Ka4 Kc6 53.Nc4 Ng7 54.Ne5+ Kd6 55.a6 Kc7 56.Kb5 Ne6
57.Nc4 Kb8 58.Kb6 Ka8 59.Nd6 Nf4 60.g7 Nd5+ 61.Kxc5 Nf6 62.Nb5  1-0

[Event "23rd Open"]
[Site "Cappelle la Grande FRA"]
[Date "2007.03.05"]
[Round "4"]
[White "Bocharov,D"]
[Black "Abergel,T"]
[Result "1-0"]
[WhiteElo "2602"]
[BlackElo "2475"]

1.d4 d5 2.c4 c6 3.Nf3 Nf6 4.Nc3 a6 5.c5 Bf5 6.Bf4 Nbd7 7.e3 e6 8.Nd2 Be7
9.Be2 Bg6 10.b4 Qc8 11.Nb3 Bd8 12.a4 Bc7 13.b5 O-O 14.O-O Re8 15.b6 Bb8 16.Na5 e5
17.Bg3 Nf8 18.Qd2 h6 19.f3 N8h7 20.Rfe1 Ng5 21.Bf1 Ne6 22.Na2 e4 23.f4 Bf5
24.Nb4 Nd8 25.Bh4 Re6 26.h3 g5 27.fxg5 hxg5 28.Bxg5 Bg3 29.Bf4 Bxe1 30.Qxe1 Ne8
31.g4 Rg6 32.Kh2 Be6 33.Qf2 f6 34.Be2 Qd7 35.Rg1 Qh7 36.Qg3 Bc8 37.Kg2 Ng7
38.Kf2 Nf5 39.Qh2 Nh4 40.Bg3 Nf3 41.Bxf3 exf3 42.Bf4 Ne6 43.Qg3 Nxf4 44.Qxf4 Qxh3
45.Qxf3 Qh4+ 46.Qg3 Qxg3+ 47.Rxg3 Rg7 48.Rf3 Rf7 49.Rf4 Kg7 50.Kf3 Be6 51.g5 Rb8
52.gxf6+ Rxf6 53.Naxc6 bxc6 54.Nxa6 Rb7 55.Nb4 Bc8 56.Rxf6 Kxf6 57.a5 Rb8
58.Nxc6 Ra8 59.e4 Ke6 60.Ke3 Bb7 61.Nb4 Kd7 62.a6 Bxa6 63.c6+ Kd8 64.Nxd5 Bc8
65.Kf4 Ra1 66.Ke5 Rh1 67.Kd6 Rh6+ 68.Kc5 Rh1 69.e5 Bd7 70.b7 Rc1+ 71.Nc3 Kc7  1-0

[Event "VS Arhipov Mem"]
[Site "Chelyabinsk RUS"]
[Date "2007.03.09"]
[Round "1"]
[White "Kurnosov,I"]
[Black "Ponkratov,P"]
[Result "1/2-1/2"]
[WhiteElo "2580"]
[BlackElo "2469"]

1.d4 d5 2.c4 c6 3.Nf3 Nf6 4.Nc3 a6 5.h3 dxc4 6.a4 e6 7.e3 c5 8.Bxc4 Nc6 9.O-O cxd4
10.exd4 Be7 11.Re1 O-O 12.Bg5 Bd7 13.Qe2 Qa5 14.Rad1 Rfe8 15.Ne5 Rad8 16.Nxd7 Nxd7
17.Be3 Nb6 18.Bb3 Bf6 19.Qg4 Qb4 20.Ne4 Bxd4 21.Nf6+ Bxf6 22.Qxb4 Nxb4 23.Bxb6 Rxd1
24.Rxd1 Rc8 25.Rd7 Rc1+ 26.Kh2 h5 27.Rxb7 Be5+ 28.g3 Rb1 29.Bc4 Rxb2 30.Kg2 Nd5
31.Bxd5 exd5 32.Re7 Bxg3 33.a5 Bh4 34.Re8+ Kh7 35.Re5 Kg6  1/2-1/2

[Event "ch-RUS U20 Girls"]
[Site "Saint Petersburg RUS"]
[Date "2007.03.10"]
[Round "1"]
[White "Dolgova,O"]
[Black "Shlakich,A"]
[Result "1-0"]
[WhiteElo "2245"]
[BlackElo "2225"]

1.d4 d5 2.c4 c6 3.Nf3 Nf6 4.Nc3 a6 5.c5 Nbd7 6.Bf4 Nh5 7.Bd2 e5 8.Nxe5 Nxe5
9.dxe5 Bxc5 10.e4 g6 11.Be2 d4 12.Na4 Be7 13.Bxh5 gxh5 14.Qxh5 b5 15.e6 Bxe6
16.Nc5 Qd6 17.Nxe6 Qxe6 18.O-O Qg6 19.Qe2 O-O 20.f4 f6 21.f5 Qf7 22.Bf4 c5
23.Rf3 Kh8 24.Rc1 c4 25.Kh1 Rac8 26.g4 d3 27.Qd2 Rfd8 28.g5 b4 29.g6 Qe8
30.Rh3 c3 31.Qd1 c2 32.Rxh7+ Kg8 33.Qh5  1-0

[Event "TCh-AUT 2006-7"]
[Site "Mattersburg AUT"]
[Date "2007.03.11"]
[Round "11"]
[White "Knoll,H"]
[Black "Gaertner,G"]
[Result "1-0"]
[WhiteElo "2409"]
[BlackElo "2300"]

1.d4 d5 2.c4 c6 3.Nf3 Nf6 4.Nc3 a6 5.e3 b5 6.b3 Bg4 7.h3 Bxf3 8.gxf3 e6 9.f4 g6
10.c5 Nh5 11.Bd3 f5 12.Bb2 Nd7 13.Qc2 Bg7 14.Ne2 Ndf6 15.f3 O-O 16.a3 Nd7
17.O-O-O Qc7 18.Kb1 Rae8 19.Rdg1 Kf7 20.Qd2 Ndf6 21.Bc2 Bh6 22.Nc1 Nd7 23.Nd3 Ra8
24.Ka2 Ke7 25.Qe1 Kd8 26.a4 Kc8 27.Bc3 Bg7 28.Qd2 Qb7 29.Ra1 Kd8 30.Rhe1 Ke7
31.Kb2 Kf7 32.Ra2 Ra7 33.Rea1 Rfa8 34.Ba5 Bf6 35.Qb4 bxa4 36.Rxa4 Qxb4 37.Bxb4 h6
38.Bc3 g5 39.fxg5 hxg5 40.Nb4 Nb8 41.Bd3 a5 42.Nc2 f4 43.e4 dxe4 44.fxe4 Nd7
45.e5 Bd8 46.Be4 Rc8 47.Bxa5 Be7 48.Be1 Rxa4 49.Rxa4 Ng3 50.Bg2 Nf5 51.b4 Rc7
52.Ra6 Nb8 53.Ra8 Rb7 54.Kc3 Bd8 55.Kc4 Bc7 56.Ra3 Ne7 57.Bf3 Nd7 58.h4 Kg6
59.Be4+ Kh5 60.hxg5 Kxg5 61.Rh3 Nd5 62.Rh1 f3 63.Rg1+ Kf4 64.Kd3 Nxe5+ 65.dxe5 Kxe5
66.Bxf3 Kf6 67.Bh4+ Kf7 68.Bxd5 exd5 69.Bg3 Bd8 70.Be5 Ke6 71.Bc3 Rh7 72.Rg6+ Kd7
73.Rd6+ Kc7 74.Nd4 Rh3+ 75.Kc2 Be7 76.Rxc6+ Kd7 77.Ra6  1-0

[Event "TCh-AUT 2006-7"]
[Site "Mattersburg AUT"]
[Date "2007.03.11"]
[Round "11"]
[White "Dietmayer Kraeutler,M"]
[Black "Duer,W"]
[Result "1-0"]
[WhiteElo "2262"]
[BlackElo "2265"]

1.d4 d5 2.c4 c6 3.Nc3 Nf6 4.Nf3 a6 5.e3 b5 6.b3 Bg4 7.Qc2 Bxf3 8.gxf3 g6
9.c5 e5 10.dxe5 Nfd7 11.f4 Nxc5 12.Bg2 Nbd7 13.Ne2 Rc8 14.h4 Bg7 15.Bb2 Qa5+
16.Kf1 O-O 17.h5 Rfe8 18.Nd4 b4 19.hxg6 hxg6 20.Bf3 Ne4 21.Bxe4 dxe4 22.Qxe4 c5
23.Nf3 Qb5+ 24.Kg2 c4 25.Nd4 Qb6 26.bxc4 Rxc4 27.Rac1 Rxc1 28.Rxc1 Nc5 29.Qc2 Qb7+
30.Kg1 Bf8 31.f3 Qd5 32.Ba1 a5 33.Kg2 Rb8 34.f5 Rb6 35.e4 Qd8 36.Qd2 gxf5
37.exf5 Bh6 38.f4 Qd5+ 39.Kh3 Kh7 40.f6 Qd7+ 41.Kh4 Rb8 42.Rxc5 Rg8 43.Qc2+ Rg6
44.Qf5 Qb7 45.Rc6 b3 46.axb3 a4 47.Bc3 Bxf4 48.Qxf4 axb3 49.e6 b2 50.Bxb2 Qxb2
51.exf7  1-0

[Event "VS Arhipov Mem"]
[Site "Chelyabinsk RUS"]
[Date "2007.03.12"]
[Round "4"]
[White "Riazantsev,A"]
[Black "Galstian,B"]
[Result "1-0"]
[WhiteElo "2629"]
[BlackElo "2464"]

1.d4 d5 2.c4 c6 3.Nc3 Nf6 4.Nf3 a6 5.Ne5 Nbd7 6.Bf4 dxc4 7.Nxc4 b5 8.Ne5 Bb7
9.e3 e6 10.Qf3 Qb6 11.Nxd7 Nxd7 12.Bd3 Nf6 13.Be5 c5 14.Qg3 Rc8 15.O-O c4
16.Bc2 Be7 17.Rad1 O-O 18.d5 exd5 19.Nxd5 Bxd5 20.Rxd5 g6 21.Rdd1 Qe6 22.f4 Nd7
23.Bc3 Bc5 24.Kh1 Nb6 25.f5 Qe7 26.fxg6 fxg6 27.Bxg6  1-0

[Event "ch-RUS U20"]
[Site "Saint Petersburg RUS"]
[Date "2007.03.13"]
[Round "4"]
[White "Lysyj,I"]
[Black "Popov,Iv RUS"]
[Result "1/2-1/2"]
[WhiteElo "2576"]
[BlackElo "2531"]

1.d4 d5 2.Nf3 Nf6 3.c4 c6 4.Nc3 a6 5.c5 Bg4 6.Ne5 Bf5 7.Qb3 Ra7 8.f3 g6 9.e4 Be6
10.Be3 Bg7 11.Qc2 O-O 12.Be2 Ne8 13.Rd1 dxe4 14.Nxe4 Nd7 15.Nd3 Ndf6 16.O-O Nc7
17.Kh1 Bd5 18.Nf4 Qd7 19.Nc3 Be6 20.Nxe6 Qxe6 21.Bf2 Ncd5 22.Rfe1 Qd7 23.Bc4 Re8
24.Qb3 Raa8 25.Bg3 e6 26.Ne4 Nh5 27.Be5 f6 28.Bd6 f5 29.Nf2 b5 30.Bf1 Qf7
31.g3 g5 32.Bg2 Bf6 33.Qd3 Rad8 34.Qd2 h6 35.Qa5 Ra8 36.Re2 Qg7 37.Qd2 a5
38.Bh3 a4 39.a3 Qf7 40.Rde1 Rad8 41.Bg2 Ng7 42.Be5 Ne7 43.Qc3 Bxe5 44.Rxe5 Rd7
45.R5e2  1/2-1/2

[Event "VS Arhipov Mem"]
[Site "Chelyabinsk RUS"]
[Date "2007.03.14"]
[Round "6"]
[White "Riazantsev,A"]
[Black "Ponkratov,P"]
[Result "1-0"]
[WhiteElo "2629"]
[BlackElo "2469"]

1.d4 Nf6 2.Nf3 d5 3.c4 c6 4.Nc3 a6 5.e3 b5 6.b3 Bg4 7.Be2 e6 8.O-O Bd6 9.h3 Bh5
10.Bb2 Nbd7 11.Ne5 Bxe2 12.Nxe2 Qc7 13.cxd5 cxd5 14.Rc1 Qb8 15.Nxd7 Kxd7
16.f3 Qb7 17.Nf4 Rhc8 18.Nd3 Ke8 19.Nc5 Qa7 20.Rc2 Nd7 21.b4 Nb6 22.Qd3 g6
23.e4 Rc7 24.f4 dxe4 25.Qxe4 Kf8 26.f5 exf5 27.Qh4 Kg8 28.d5 Nd7 29.Kh1 Be5
30.d6 Rxc5 31.bxc5 Bxb2 32.Rxb2 Nxc5 33.Rd1 Qd7 34.Rc2 Ne6 35.Qe7 Qxe7 36.dxe7 Re8
37.Rd7 Kg7 38.Rc6 a5 39.Rb6 Nc5 40.Ra7 b4 41.Rb5 Ne4 42.Rbxa5 Nc3 43.Rb7 Kf6
44.Ra6+ Ke5 45.Raa7 Nd5 46.Rd7 Ke6 47.Rd8  1-0

[Event "Open"]
[Site "Zagreb CRO"]
[Date "2007.03.19"]
[Round "3"]
[White "Vrsek,I"]
[Black "Bukal,V sr"]
[Result "0-1"]
[WhiteElo "2103"]
[BlackElo "2419"]

1.d4 d5 2.c4 c6 3.Nf3 Nf6 4.Nc3 a6 5.e3 e6 6.a3 dxc4 7.Bxc4 b5 8.Bb3 c5 9.O-O Bb7
10.Qe2 Nbd7 11.Rd1 Qb6 12.a4 c4 13.Bc2 b4 14.a5 Qc7 15.Na4 b3 16.Bb1 Qxa5
17.e4 Rc8 18.Bg5 h6 19.Bf4 Qh5 20.Qd2 Nxe4 21.Bxe4 Bxe4 22.Ne5 Bc2 23.g4 Qh3
24.Nxd7 Qxg4+ 25.Bg3 Bxd1 26.Rxd1 Bb4 27.Qxb4 Qxd1+ 28.Kg2 Qxd4 29.Nab6 Rd8
30.Nxc4 Qxd7 31.Nd6+ Kf8 32.Qxb3 Kg8  0-1

[Event "ch-RUS U20 Girls"]
[Site "Saint Petersburg RUS"]
[Date "2007.03.20"]
[Round "10"]
[White "Gunina,V"]
[Black "Dolgova,O"]
[Result "1-0"]
[WhiteElo "2347"]
[BlackElo "2245"]

1.d4 d5 2.Nf3 c6 3.c4 Nf6 4.Nc3 a6 5.e3 b5 6.b3 Bf5 7.Bd3 e6 8.O-O Bd6 9.Qc2 Bg6
10.Nd2 Nbd7 11.e4 b4 12.Nf3 bxc3 13.e5 Be7 14.exf6 Bxf6 15.Qxc3 O-O 16.Bxg6 hxg6
17.Ba3 Re8 18.Rac1 e5 19.cxd5 cxd5 20.dxe5 Nxe5 21.Nd4 Rc8 22.Qxc8 Qxc8 23.Rxc8 Rxc8
24.Rd1 Nd7 25.g3 Nf8 26.Bxf8 Kxf8 27.Kg2 Ke7 28.Kf3 Kd6 29.Rd2 Rc3+ 30.Ke2 Kc5
31.Nc2 d4 32.Ne1 a5 33.Nd3+ Kd5 34.Ne1 g5 35.h3 Ke4 36.Nd3 Be7 37.Nb2 Bb4
38.Nd3 Bd6 39.Ne1 f5 40.Rd3 Rc1 41.Nf3 Rc2+ 42.Rd2 d3+ 43.Kd1 Be7 44.h4 gxh4
45.gxh4 Rc8 46.Ne1 Rc3 47.f3+ Ke3 48.Rh2 Ba3 49.Ng2+ Kxf3 50.Ne1+ Ke4 51.h5 f4
52.h6 gxh6 53.Rxh6 Rc1+ 54.Kd2 Ra1 55.Nxd3 Rxa2+ 56.Kc3 f3 57.Rf6 Rh2 58.Re6+ Kd5
59.Re5+ Kc6 60.Rxa5 Bd6 61.Rf5 Rh3 62.Nf2 Rg3 63.Rf6 Rg2 64.Ne4 Kd5 65.Nxd6 Ke5
66.Rh6 f2 67.Nc4+ Kf4 68.Rf6+ Ke4 69.Nd2+ Kd5 70.Kd3 Kc5 71.Ke3 Kb4 72.Rxf2 Rg3+
73.Ke2 Rg8 74.Kd3 Rg3+ 75.Kc2 Rc3+ 76.Kb2 Rd3 77.Rf4+ Kb5 78.Nb1 Rh3 79.Nc3+ Kc5
80.Rf5+ Kb6 81.b4  1-0

[Event "zt 2.5 m"]
[Site "San Luis ARG"]
[Date "2007.03.20"]
[Round "3"]
[White "Lafuente,P"]
[Black "Salas,Cr"]
[Result "1/2-1/2"]
[WhiteElo "2455"]
[BlackElo "2418"]

1.d4 d5 2.c4 c6 3.Nf3 Nf6 4.Nc3 a6 5.a4 e6 6.Bg5 h6 7.Bxf6 Qxf6 8.e3 Nd7
9.Be2 dxc4 10.Bxc4 g6 11.O-O Bg7 12.Qb3 b6 13.Be2 O-O 14.Nd2 c5 15.Rad1 cxd4
16.Nde4 Qe7 17.exd4 Bb7 18.Rfe1 Rab8 19.Bf3 Nf6 20.Nxf6+ Qxf6 21.Bxb7 Rxb7
22.Qc4 Ra8 23.d5 exd5 24.Rxd5 Re7 25.Rdd1 Rxe1+  1/2-1/2

[Event "Jose Marca Castaneda mem Open"]
[Site "Lima PER"]
[Date "2007.03.22"]
[Round "4"]
[White "Moreno,W"]
[Black "Garcia,Jh"]
[Result "0-1"]
[WhiteElo "2165"]
[BlackElo "2251"]

1.d4 d5 2.Nf3 Nf6 3.c4 c6 4.Nc3 a6 5.c5 Bf5 6.Qb3 Qc8 7.Bf4 Nbd7 8.h3 h6
9.e3 Ne4 10.Be2 e6 11.O-O Be7 12.Nxe4 Bxe4 13.Nd2 Bg6 14.Qc3 O-O 15.b4 Re8
16.Bh2 Bd8 17.f4 f5 18.a4 Nf6 19.Bd3 Bh7 20.Qb3 Bc7 21.b5 Ne4 22.Bxe4 fxe4
23.Rfb1 Qd7 24.bxc6 bxc6 25.Qd1 Reb8 26.Qe2 Qc8 27.Nb3 Rb4 28.Bg3 Rab8 29.Ra3 Rc4
30.Be1 Bg6 31.Qd1 Qd8 32.Nd2 Rcb4 33.Nb3 R4b7 34.Qe2 a5 35.Qa6 Be8 36.Qe2 Kh7
37.Qg4 Qf6 38.h4 Qf5 39.Qe2 Bh5 40.Qa6 Bf3 41.Kh2 Qg6 42.Bg3 Bd1 43.Rxd1 Rxb3
44.Rxb3 Rxb3 45.Qe2 Qe8 46.Re1 Rb4 47.Ra1 Rb3 48.Bf2 e5 49.fxe5 Bxe5+ 50.Kh1 Bc7
51.Qg4 Qf7 52.Rf1 Qxf2  0-1

[Event "Jose Marca Castaneda mem Open"]
[Site "Lima PER"]
[Date "2007.03.22"]
[Round "4"]
[White "Cordova,Em"]
[Black "Zapata,T"]
[Result "1/2-1/2"]
[WhiteElo "2477"]
[BlackElo "2035"]

1.d4 d5 2.Nf3 Nf6 3.c4 c6 4.Nc3 a6 5.c5 Nbd7 6.Bf4 g6 7.e3 Nh5 8.Bg5 Bg7
9.Be2 Nhf6 10.h3 O-O 11.Qc2 Re8 12.Bf4 Nh5 13.Bh2 e5 14.Nxe5 Nxe5 15.dxe5 Bxe5
16.Bxh5 gxh5 17.Bxe5 Rxe5 18.O-O-O Bf5 19.Qa4 Qe7 20.Qd4 Re8 21.g4 Be4 22.f4 Bxh1
23.fxe5 Be4 24.Nxe4 dxe4 25.b4 hxg4 26.hxg4 Qe6 27.Qb2 Kf8 28.Rh1 Kg8 29.Rd1 Kf8
30.Rh1 Kg8 31.Kb1 Qxe5 32.Qd2 a5 33.Rh5 Qf6 34.Rf5 Rd8 35.Qc2 Qh4 36.Rf1 Qe7
37.bxa5 Rd3 38.Rf5 Rxe3 39.Qh2 Rd3 40.Qb8+ Rd8 41.Qe5 Qxe5 42.Rxe5 Rd4 43.Kb2 Ra4
44.Kb3 Rxa5 45.a4 b5 46.axb5 Rxb5+ 47.Kc4 Ra5 48.Kb4 Rb5+ 49.Kc4 Ra5  1/2-1/2

[Event "Open"]
[Site "Zagreb CRO"]
[Date "2007.03.23"]
[Round "7"]
[White "Cebalo,M"]
[Black "Bukal,V sr"]
[Result "1-0"]
[WhiteElo "2471"]
[BlackElo "2419"]

1.d4 d5 2.c4 c6 3.Nf3 Nf6 4.Nc3 a6 5.c5 Nbd7 6.Bf4 Nh5 7.Bd2 Nhf6 8.Rc1 h6
9.Bf4 g5 10.Bg3 Bg7 11.h3 Ne4 12.Bh2 b6 13.cxb6 Qxb6 14.e3 Qxb2 15.Nxe4 dxe4
16.Nd2 e5 17.Bc4 exd4 18.O-O Ne5 19.Rb1 Qa3 20.exd4 Nf3+ 21.gxf3 O-O 22.Nxe4 Rd8
23.Rb3 Qa4 24.Bxf7+  1-0

[Event "Rector Cup w"]
[Site "Kharkiv UKR"]
[Date "2007.03.24"]
[Round "9"]
[White "Nikolaeva,A1"]
[Black "Maiko,A"]
[Result "1/2-1/2"]
[WhiteElo "2238"]
[BlackElo "2075"]

1.d4 d5 2.c4 c6 3.Nf3 Nf6 4.Nc3 a6 5.b3 b5 6.e3 Bg4 7.Be2 e6 8.O-O Bd6 9.Ne5 Bxe2
10.Qxe2 O-O 11.f4 Nfd7 12.cxd5 cxd5 13.Rf3 b4 14.Na4 f6 15.Nd3 Qe8 16.Bd2 Nc6
17.Rc1 Rc8 18.Ndc5 a5 19.Nxd7 Qxd7 20.Nb6 Qb7 21.Nxc8 Rxc8 22.Rh3 Rc7 23.Qg4 Nd8
24.Rxc7 Qxc7 25.Qd1 Nc6 26.Qc2 g6 27.Rf3 Nxd4 28.Qd3 Nxf3+ 29.gxf3 Kf7 30.Kf2 Kg7
31.Qb5 h6 32.Ke2 g5 33.f5 exf5 34.Qxd5 Bxh2 35.Qxf5 Be5 36.f4 Bc3 37.Bc1 Qc6
38.e4 Qa6+ 39.Kf2 Bd4+ 40.Ke1 Qc6 41.Kd1 a4 42.e5 Qf3+ 43.Kc2 axb3+ 44.axb3 Qc3+
45.Kd1 Qxb3+ 46.Ke2 Qc4+ 47.Kd1 Qf1+ 48.Kc2 Qc4+ 49.Kd1 fxe5 50.fxg5 hxg5
51.Bxg5 Qb3+ 52.Ke2 Qa2+ 53.Kd1 Qa1+ 54.Ke2 Qa2+ 55.Kd1 Qf7 56.Qg4 Qb3+ 57.Ke2 Qc4+
58.Kf3 Qf1+ 59.Ke4 Qh1+ 60.Kd3 Qf1+ 61.Ke4 Qe1+ 62.Kd5 Qh1+ 63.Kd6 Bc5+ 64.Kxc5 Qb7
65.Bf4+ Kf7 66.Qh5+ Kg8 67.Bxe5 Qe7+ 68.Bd6 Qa7+ 69.Kc6 Qa8+ 70.Kc7 Qa7+
71.Kd8 Qf7 72.Qg4+ Kh7 73.Qh4+ Kg8 74.Qxb4 Kh7 75.Qh4+ Kg8 76.Qe4 Qf6+ 77.Kd7 Qf7+
78.Be7 Qg7 79.Kd8 Qf7 80.Qe5 Kh7 81.Bf6 Qf8+ 82.Kd7 Qf7+ 83.Be7 Kg8 84.Qg5+ Kh7
85.Qh4+ Kg8 86.Kd6 Qg6+ 87.Bf6 Qd3+ 88.Ke6 Qb3+ 89.Kf5 Qd5+ 90.Kg6  1/2-1/2

[Event "Vladimir Zak mem"]
[Site "St Petersburg RUS"]
[Date "2007.03.25"]
[Round "2"]
[White "Semenenko,S"]
[Black "Lovkov,R"]
[Result "0-1"]
[WhiteElo "2196"]
[BlackElo "2429"]

1.d4 d5 2.Nf3 Nf6 3.c4 c6 4.Nc3 a6 5.cxd5 cxd5 6.Bf4 Nc6 7.e3 Bf5 8.Bd3 Bxd3
9.Qxd3 e6 10.O-O Be7 11.Rac1 O-O 12.Ne5 Rc8 13.Nxc6 Rxc6 14.Rc2 Qa5 15.Rfc1 Rfc8
16.a3 Ne4 17.Kf1 Nxc3 18.Rxc3 Rxc3 19.Rxc3 Rxc3 20.Qxc3 Qxc3 21.bxc3 Bxa3
22.Ke2 Kf8 23.f3 Ke7 24.Bg3 Kd7  0-1

[Event "Open"]
[Site "Zagreb CRO"]
[Date "2007.03.25"]
[Round "9"]
[White "Takac,Z"]
[Black "Greb,N"]
[Result "0-1"]
[WhiteElo "2142"]
[BlackElo "1880"]

1.d4 d5 2.c4 c6 3.Nf3 Nf6 4.Nc3 a6 5.a4 e6 6.Bf4 Bd6 7.Qd2 O-O 8.Bg5 Nbd7
9.e4 dxe4 10.Nxe4 Nxe4 11.Bxd8 Nxd2  0-1

[Event "Vladimir Zak mem"]
[Site "St Petersburg RUS"]
[Date "2007.03.31"]
[Round "8"]
[White "Hort,Ar"]
[Black "Palchun,G"]
[Result "1-0"]
[WhiteElo "2125"]
[BlackElo "2047"]

1.d4 d5 2.c4 c6 3.Nc3 Nf6 4.Nf3 a6 5.a4 Bg4 6.Ne5 Bh5 7.Qb3 Ra7 8.Bf4 e6
9.e3 Bd6 10.Bd3 Bc7 11.Rc1 O-O 12.O-O Qe7 13.Bg5 Bg6 14.Bxg6 hxg6 15.f4 Ba5
16.Qc2 Nbd7 17.Na2 Raa8 18.Rf3 Qe8 19.b4 Bb6 20.c5 Bc7 21.Nc3 Nb8 22.Rh3 Nh7
23.Qf2 Nxg5 24.fxg5 Bxe5 25.dxe5 f5 26.exf6 gxf6 27.Qh4  1-0

[Event "Vladimir Zak mem"]
[Site "St Petersburg RUS"]
[Date "2007.03.31"]
[Round "8"]
[White "Shpartko,G"]
[Black "Karalkin,M"]
[Result "1/2-1/2"]
[WhiteElo "2019"]
[BlackElo "2287"]

1.d4 d5 2.c4 c6 3.Nc3 Nf6 4.Nf3 a6 5.c5 Bf5 6.Bf4 Nbd7 7.e3 e6 8.h3 Be7 9.Bd3 Bxd3
10.Qxd3 O-O 11.O-O Re8 12.b4 a5 13.b5 Bxc5 14.dxc5 e5 15.Nxe5 Nxe5 16.Qd4 Qe7
17.Rab1 h6 18.Bxe5 Qxe5 19.Qxe5 Rxe5 20.bxc6 bxc6 21.Rb6 Re6 22.Rb7 a4 23.Rb4 a3
24.Ne2 Ne4 25.Nd4 Rf6 26.Rb6 Ra5 27.f3 Nc3 28.Rc1 Rxc5 29.Rb3 Na4 30.Rxc5 Nxc5
31.Rxa3 Nd7 32.Ra7 Ne5 33.Rc7 Nc4 34.Rc8+ Kh7 35.Kf2 c5 36.Rxc5 Ra6 37.Rxd5 Rxa2+
38.Ne2 g6 39.Rd4 Rc2 40.f4 h5 41.Rd3 Ra2 42.Rd4 Rc2 43.h4 Kg7 44.Rd3  1/2-1/2

[Event "ch-Catalonia"]
[Site "Barcelona ESP"]
[Date "2007.04.05"]
[Round "5"]
[White "Cruz,F"]
[Black "Cuartas,Ja"]
[Result "0-1"]
[WhiteElo "2357"]
[BlackElo "2494"]

1.d4 d5 2.c4 c6 3.Nf3 Nf6 4.Nc3 a6 5.c5 Nbd7 6.Bf4 g6 7.h3 Bg7 8.e3 O-O 9.Be2 Ne4
10.O-O f5 11.Rc1 h6 12.Ne5 Nxe5 13.Bxe5 Bxe5 14.dxe5 Nxc5 15.Nxd5 Ne6 16.Nc3 Kg7
17.Qb3 Qa5 18.Na4 Qxe5 19.f4 Qf6 20.Nb6 Rb8 21.Rfd1 Nc7 22.Bc4 Nb5 23.Bxb5 axb5
24.Qb4 Be6 25.Nd7 Bxd7 26.Rxd7 Rf7 27.Rcd1 Ra8 28.Rxb7 Rxa2 29.Rc7 Qxb2 30.Qxb2+ Rxb2
31.Rxc6 Rf6 32.Rxf6 Kxf6 33.Rc1 b4 34.Rc6+ e6 35.Rc7 h5 36.Rb7 h4 37.Kf1 b3
38.Kg1 Rb1+ 39.Kf2 g5 40.fxg5+ Kxg5 41.Rb6  0-1